000
00362nam a2200133Ia 4500
008
100328s9999 xx 000 0 und d
082
_b
27088
100
_a
मेटकरी रघुराज रा.
245
_a
रानजाई
260
_b
दिलीपराज.
630
_a
रानजाई
730
_a
रानजाई
942
_c
BOOK
999
_c
519166
_d
519163